000 00636nam a2200157 a 4500
008 151015s2009 ||||||||||||||||| || u
020 _a9788184485271
050 _aR 834.5 Pun
100 _aPunia, Vineet
245 1 4 _aThe definitive review of medicine for USMLE
_cBy Vineet Punia
260 _aNew Delhi
_bJaypee Brothers Medical publishers
_c2009
300 _a217p.: ill.
350 _a48.00
650 _aMEDICINE -- EXAMINATIONS, QUESTIONS, ETC
995 _aMEDICAL LIBRARY OPEN ACCESS
_e903287
_FCBU-SCHOOL OF MEDICINE LIBRARY (Ndola)
_I48.00
_jR 834.5 Pun
_M1
_UAVAILABLE
_WJan 27, 2016
_y903287
_ZMedical Library Open Access Collection
999 _c31221
_d31221